Veda a ľudský kapitál v znalostnej ekonomike

Transformácia vedy a tvorby poznatkov. Tvorba poznatkov v slovenskej ekonomike. Intenzita výskumu a vývoja (ako podiel výdavkov na výskum a vývoj na HDP v percentách) v roku 2011 vo vybraných európskych krajinách. Výdavky na V+V celkom a podľa vednej oblasti. Výdavky na V+V v spracovateľskom priemys...

ver descrição completa

Na minha lista:
Detalhes bibliográficos
Autor principal: Zajac, Štefan
Formato: Capítulo de Livro
Idioma:eslovaco
Assuntos:
Tags: Adicionar Tag
Sem tags, seja o primeiro a adicionar uma tag!

MARC

LEADER 00000nla a2200000 4500
001 0172165
005 20240502072943.3
041 0 |a slo 
044 |a SK 
245 1 0 |a Veda a ľudský kapitál v znalostnej ekonomike  |c Štefan Zajac 
520 |a Transformácia vedy a tvorby poznatkov. Tvorba poznatkov v slovenskej ekonomike. Intenzita výskumu a vývoja (ako podiel výdavkov na výskum a vývoj na HDP v percentách) v roku 2011 vo vybraných európskych krajinách. Výdavky na V+V celkom a podľa vednej oblasti. Výdavky na V+V v spracovateľskom priemysle. Šírenie poznatkov v slovenskej ekonomike. Dlhodobý rast vo vedeckej výchove zlepšil štruktúru ľudských zdrojov v našej ekonomike. Transfer poznatkov v slovenskej ekonomike. 
610 2 0 |a ekonomika znalostná 
610 2 0 |a veda 
610 2 0 |a výskum 
610 2 0 |a transfer inovácií 
610 2 0 |a ekonómia 
610 2 0 |a štúdium doktorandské 
610 2 0 |a Slovensko 
100 1 |a Zajac, Štefan